Database system concepts / (Registro nro. 2894)

Detalles MARC
000 -CABECERA
Campo de control 01132nam a2200325 u 4500
005 - FECHA Y HORA DE LA ULTIMA TRANSACCION
Campo de control 20160513104107.0
008 - ELEMENTOS DE LONGITUD FIJA—INFORMACION GENERAL
Campo de control 140228t2002 -usd|||| |||| 001 0 eng d
020 ## - ISBN
ISBN 0072283637
040 ## - FUENTE DE CATALOGACIÓN
Agencia catalogadora original CO-BoIAVH
Agencia transcriptora CO-BoIAVH
041 0# - IDIOMA
Código de idioma para texto/pista de sonido o título separado Inglés
044 ## - PAÍS DE PUBLICACIÓN
País de publicación Estados Unidos
082 04 - NUMERO DE CLASIFICACION DECIMAL DEWEY
Número de clasificación 005.74011
Número del ítem S58d
100 1# - ASIENTO PRINCIPAL--NOMBRE PERSONAL
Nombre personal Silberschatz, Abraham
Término relacionado autor
9 (RLIN) 12841
245 10 - MENCION DE TITULO
Título Database system concepts /
Mención de responsabilidad Abraham Silberschatz, Henry F. Korth y S. Sudarshan
250 ## - MENCION DE EDICION
Mención de edición Cuarta edición
260 ## - PUBLICACION, DISTRIBUCION, ETC. (PIE DE IMPRENTA)
Lugar de publicación, distribución, etc. Bostón :
Nombre del editor, distribuidor, etc. McGraw-Hill,
Fecha de publicación, distribución, etc. 2002.
300 ## - DESCRIPCION FISICA
Extensión 1064 páginas :
Otros detalles físicos tablas ;
Dimensiones 24 x 19 centímetros
500 ## - NOTA GENERAL
Nota general Incluye índice.
504 ## - NOTA DE BIBLIOGRAFIA, ETC.
Nota de bibliografía Incluye referencias bibliográficas: páginas 1007-1042.
650 16 - ASIENTO SECUNDARIO DE MATERIA - TERMINO TEMATICO
Término temático o nombre geográfico como elemento de entrada Bases de datos
Subdivisión general sistemas
9 (RLIN) 68095
650 26 - ASIENTO SECUNDARIO DE MATERIA - TERMINO TEMATICO
Término temático o nombre geográfico como elemento de entrada Bases de datos
Subdivisión general sistemas
-- arquitectura
9 (RLIN) 68096
650 24 - ASIENTO SECUNDARIO DE MATERIA - TERMINO TEMATICO
Término temático o nombre geográfico como elemento de entrada Modelos de datos
9 (RLIN) 68097
650 24 - ASIENTO SECUNDARIO DE MATERIA - TERMINO TEMATICO
Término temático o nombre geográfico como elemento de entrada Bases de datos relacionales
9 (RLIN) 14958
650 24 - ASIENTO SECUNDARIO DE MATERIA - TERMINO TEMATICO
Término temático o nombre geográfico como elemento de entrada Bases de datos orientadas a objetos
9 (RLIN) 66895
650 24 - ASIENTO SECUNDARIO DE MATERIA - TERMINO TEMATICO
Término temático o nombre geográfico como elemento de entrada Datos
Subdivisión general consulta
9 (RLIN) 68098
650 24 - ASIENTO SECUNDARIO DE MATERIA - TERMINO TEMATICO
Término temático o nombre geográfico como elemento de entrada Datos
Subdivisión general almacenamiento
9 (RLIN) 68099
700 1# - ASIENTO SECUNDARIO - NOMBRE PERSONAL
Nombre personal Korth, Henry F.
Término de relación autor
9 (RLIN) 12842
700 ## - ASIENTO SECUNDARIO - NOMBRE PERSONAL
Nombre personal Sudarshan, S.
Término de relación autor
9 (RLIN) 12843
942 ## - ELEMENTOS ADICIONALES (KOHA)
Tipo de ítem Libro
Sistema de clasificación Dewey Decimal Classification
Existencias
Withdrawn status Lost status Sistema de Clasificación Damaged status No para préstamo Colección Ubicación Permanente Ubicación actual Fecha de adquisición Fuente de Valor Total Checkouts Número topográfico Inventario / Código de Barras Date last seen Date checked out Ejemplar Price effective from Forma de adquisición Tipo de material
    Dewey Decimal Classification     TIC Villa de Leyva Villa de Leyva 21/08/2002 Varón, Andrés 1 LB-005.74011 S58d 002157 09/01/2014 28/10/2013 Ej. 1 04/12/2012 Donación Libro